000 00799nam a22002417a 4500
001 12360
003 HDC
007 cr bn ---
008 210209 my |0 eneng
040 _aHDC
245 0 _aBest Environmental Management Practice :
_bFarm Animal Production
260 _a[no place]:
_bAl Heber, Purdue University,
_c[no year]
300 _a169 pages
336 _atext
_2rdacontent
337 _acomputer
_2rdamedia
338 _aonline resource
_2rdacarrier
650 _aAgriculture industry
_92340
650 _aFarm Animal
_912946
856 _zRequest full-text at [email protected]
942 _2lcc
942 _cEBOOK
942 _kEBOK 001942
999 _c9683
_d9683